Stanovy Národnej poisťovne

Úplné znenie stanov Národnej poisťovne, ktoré schválila vláda SR na svojom zasadnutí 29.3.1994 podľa zákona NR SR č.7/1993 Z.z. o zriadení Národnej poisťovne a o financovaní zdravotného, nemocenského a dôchodkového poistenia v znení neskorších zákonov.

Uložené v:
Podrobná bibliografia
Médium: Kapitola
Jazyk:Slovak
Predmet:
Tagy: Pridať tag
Žiadne tagy, Buďte prvý, kto otaguje tento záznam!

MARC

LEADER 00000naa a2200000 4500
001 r024503
005 20221213113842.6
041 0 |a slo 
044 |a SK 
245 1 0 |a Stanovy Národnej poisťovne 
520 |a Úplné znenie stanov Národnej poisťovne, ktoré schválila vláda SR na svojom zasadnutí 29.3.1994 podľa zákona NR SR č.7/1993 Z.z. o zriadení Národnej poisťovne a o financovaní zdravotného, nemocenského a dôchodkového poistenia v znení neskorších zákonov. 
610 2 0 |a poisťovne 
610 2 0 |a Národná poisťovňa Bratislava 
610 2 0 |a zákony 
610 2 0 |a Slovensko 
610 2 0 |a 1993 
610 2 0 |a stanovy 
610 2 0 |a 1994